[Event "GER-ch U10"]
[Site "Willingen"]
[Date "2022.06.08"]
[Round "7"]
[White "Mulgunov, Jefim Nikolaj"]
[Black "Wetzig, Karl Anton"]
[Result "0-1"]
[WhiteElo "1055"]
[BlackElo "884"]
[PlyCount "66"]
[EventDate "2022.06.04"]
[EventType "swiss"]
[EventRounds "11"]
[EventCountry "GER"]
[SourceTitle "CBM 208 Extra"]
[Source "ChessBase"]
[SourceDate "2022.07.31"]
[SourceVersion "1"]
[SourceVersionDate "2022.07.31"]
[SourceQuality "1"]

1. e4 e5 2. Nf3 Nc6 3. Bc4 Nf6 4. Ng5 d5 5. exd5 Na5 6. Bb5+ c6 7. dxc6 bxc6 8. Bd3 h6 9. Nh3 Bd6 10. Nc3 0-0 11. 0-0 Bg4 12. Be2 Bxe2 13. Qxe2 Re8 14. d3 Nd5 15. Nxd5 cxd5 16. Qg4 Qc8 17. Qg3 Re6 18. Qf3 e4 19. Qf5 Re5 20. Qf4 Re6 21. Qe3 Bb8 22. g3 Qxc2 23. Bd2 Nb7 24. Rac1 Qxb2 25. Rc8+ Kh7 26. Qe2 Nd6 27. Rf8 Qxa2 28. Rd1 Re8 29. Ng5+ Kg6 30. Qg4 f5 31. Qh4 Rxf8 32. Ne6 Rf7 33. Bc3 Qc2 0-1

[Event "GER-ch U10"]
[Site "Willingen"]
[Date "2022.06.07"]
[Round "5"]
[White "Li, Joshua"]
[Black "Mulgunov, Jefim Nikolaj"]
[Result "0-1"]
[WhiteElo "1211"]
[BlackElo "1055"]
[PlyCount "74"]
[EventDate "2022.06.04"]
[EventType "swiss"]
[EventRounds "11"]
[EventCountry "GER"]
[SourceTitle "CBM 208 Extra"]
[Source "ChessBase"]
[SourceDate "2022.07.31"]
[SourceVersion "1"]
[SourceVersionDate "2022.07.31"]
[SourceQuality "1"]

1. e4 e5 2. Nf3 Nc6 3. Nc3 Nf6 4. d4 exd4 5. Nxd4 Bb4 6. Nxc6 bxc6 7. Bd3 d5 8. 0-0 0-0 9. Bg5 Bxc3 10. bxc3 dxe4 11. Bxf6 Qxf6 12. Bxe4 Be6 13. Qh5 g6 14. Qc5 Bd5 15. Bxd5 cxd5 16. Qxc7 Rfc8 17. Qa5 Qxc3 18. Qxd5 Qxc2 19. h3 Rd8 20. Qa5 Qe4 21. Rfe1 Qf4 22. Re7 Rd2 23. Rf1 Rad8 24. Qc3 Rxa2 25. g3 Qd6 26. Rb7 a5 27. Qb3 Qe6 28. Qf3 a4 29. Kh2 a3 30. Re1 Qd5 31. Re8+ Kg7 32. Qc3+ Qd4 33. Qxd4+ Rxd4 34. g4 Rxf2+ 35. Kg3 a2 36. Rbb8 a1Q 37. g5 Qg1# 0-1

[Event "GER-ch U10"]
[Site "Willingen"]
[Date "2022.06.06"]
[Round "4"]
[White "Mulgunov, Jefim Nikolaj"]
[Black "Pieper, Patric"]
[Result "0-1"]
[WhiteElo "1055"]
[BlackElo "812"]
[PlyCount "45"]
[EventDate "2022.06.04"]
[EventType "swiss"]
[EventRounds "11"]
[EventCountry "GER"]
[SourceTitle "CBM 208 Extra"]
[Source "ChessBase"]
[SourceDate "2022.07.31"]
[SourceVersion "1"]
[SourceVersionDate "2022.07.31"]
[SourceQuality "1"]

1. e4 e5 2. Nf3 Nc6 3. Bc4 Nf6 4. Ng5 d5 5. exd5 Nxd5 6. d4 Nxd4 7. c3 f6 8. cxd4 fxg5 9. Qf3 c6 10. Nc3 Be6 11. Qh5+ g6 12. Qxg5 Qxg5 13. Bxg5 exd4 14. Nxd5 cxd5 15. Bb5+ Bd7 16. Bxd7+ Kxd7 17. 0-0 Bb4 18. Rad1 Bc5 19. Rfe1 Rhe8 20. h3 Bb4 21. Rxe8 Rxe8 22. Rxd4 Bd6 23. Rxd5 0-1

[Event "GER-ch U10"]
[Site "Willingen"]
[Date "2022.06.05"]
[Round "1"]
[White "Fels, Mattis"]
[Black "Mulgunov, Jefim Nikolaj"]
[Result "1-0"]
[WhiteElo "1395"]
[BlackElo "1055"]
[PlyCount "55"]
[EventDate "2022.06.04"]
[EventType "swiss"]
[EventRounds "11"]
[EventCountry "GER"]
[SourceTitle "CBM 208 Extra"]
[Source "ChessBase"]
[SourceDate "2022.07.31"]
[SourceVersion "1"]
[SourceVersionDate "2022.07.31"]
[SourceQuality "1"]

1. d4 g6 2. Nc3 Bg7 3. Bf4 Nf6 4. f3 0-0 5. Qd2 d6 6. e4 Nbd7 7. 0-0-0 e5 8. dxe5 dxe5 9. Bxe5 Qe7 10. Bxc7 Re8 11. Qd6 Bh6+ 12. Kb1 Qxd6 13. Rxd6 Kg7 14. Bb5 a6 15. Bxd7 Bxd7 16. Nge2 Rac8 17. Ba5 Rc5 18. b4 Rcc8 19. Rhd1 Bb5 20. Nxb5 axb5 21. Rb6 Rb8 22. Rdd6 Ng8 23. Rxb5 Ne7 24. Rd7 Nc6 25. Rbxb7 Ra8 26. Rxf7+ Kg8 27. Rxh7 Bg5 28. Rhg7+ 1-0